Masala Khilafat : / مسئلہ خلافت (Record no. 27163)
[ view plain ]
| 000 -LEADER | |
|---|---|
| fixed length control field | 00493nam a22001697a 4500 |
| 003 - CONTROL NUMBER IDENTIFIER | |
| control field | BDDh-ASL |
| 005 - DATE AND TIME OF LATEST TRANSACTION | |
| control field | 20231015030731.0 |
| 008 - FIXED-LENGTH DATA ELEMENTS--GENERAL INFORMATION | |
| fixed length control field | 211026s1960 p ||||| |||| 00| 0 u d |
| 040 ## - CATALOGING SOURCE | |
| Original cataloging agency | BDDh-ASL |
| Transcribing agency | BDDh-ASL |
| 082 ## - DEWEY DECIMAL CLASSIFICATION NUMBER | |
| Classification number | 297.61 |
| Item number | AZM |
| 100 1# - MAIN ENTRY--PERSONAL NAME | |
| 9 (RLIN) | 4139 |
| Personal name | Azad, Abul Kalam |
| 245 10 - TITLE STATEMENT | |
| Title | Masala Khilafat : / مسئلہ خلافت |
| 260 ## - PUBLICATION, DISTRIBUTION, ETC. | |
| Place of publication, distribution, etc. | Lahore : |
| Name of publisher, distributor, etc. | Hussain Manzil , |
| Date of publication, distribution, etc. | 1960. |
| 300 ## - PHYSICAL DESCRIPTION | |
| Extent | 336 p. : |
| Dimensions | 19 cm. |
| 650 #0 - SUBJECT ADDED ENTRY--TOPICAL TERM | |
| 9 (RLIN) | 4819 |
| Topical term or geographic name entry element | Caliphate |
| General subdivision | Islam |
| -- | Khilafat |
| -- | History |
| 942 ## - ADDED ENTRY ELEMENTS (KOHA) | |
| Source of classification or shelving scheme | Dewey Decimal Classification |
| Koha item type | Books |
| Withdrawn status | Lost status | Source of classification or shelving scheme | Damaged status | Not for loan | Collection code | Home library | Current library | Shelving location | Date acquired | Source of acquisition | Serial Enumeration / chronology | Total Checkouts | Full call number | Barcode | Date last seen | Copy number | Price effective from | Koha item type |
|---|---|---|---|---|---|---|---|---|---|---|---|---|---|---|---|---|---|---|
| Dewey Decimal Classification | Non-fiction | Asiatic Society Library | Asiatic Society Library | General Stacks | 10/26/2021 | ASB Library Collection | U-0595 | 297.61 AZM | 113248 | 10/26/2021 | C-1 | 10/26/2021 | Books |